000 00727nam a2200205 a 4500
003 0
005 20250303133608.0
008 120724s19uu xx 00 eng d
050 _aPGS BF 723.S3.T46
_b.N991 2012
100 _aNuyda, Rafael M.
245 _aExtent of self esteem and team sports /
_c Rafael M. Nuyda.
260 _aLas PiƱas City, Philippines :
_bSouthville International School and Colleges,
_c2012.
300 _a36 pages
_billustrations ;
_c28 cm.
504 _aIncludes bibliographical references.
650 _aSelf esteem in children.
650 _aTeam sports
_vPsychological aspects.
650 _aSports and self-perception.
650 _aStudents
_vPsychological aspects.
942 _2lcc
_cPASS
999 _c98821
_d98821